| 000 | 00472nam a22001577a 4500 | ||
|---|---|---|---|
| 005 | 20251108164745.0 | ||
| 008 | 250721s1979 xx 000 0 ara d | ||
| 082 | 1 | 4 | _a810.905/أحم |
| 100 | 1 | _aهيكل، أحمد | |
| 245 | 1 | 0 | _aالأدب الأندلسي من الفتح إلى سقوط الخلافة / |
| 264 | 1 |
_aالقاهرة : _bدار المعارف، _c1979. |
|
| 300 | _a416 ص | ||
| 650 | 1 | 7 | _aالأدب العربي |
| 942 |
_2ddc _cBK |
||
| 999 |
_c13600 _d13600 |
||